MARC details
| 000 -LEADER |
| campo de control de longitud fija |
01775nim a2200373 i 4500 |
| 001 - NÚMERO DE CONTROL |
| campo de control |
197410 |
| 003 - IDENTIFICADOR DE NÚMERO DE CONTROL |
| campo de control |
ES-MaACL |
| 005 - FECHA Y HORA DE LA ÚLTIMA TRANSACCIÓN |
| campo de control |
20250828062644.0 |
| 007 - CAMPO FIJO DE DESCRIPCIÓN FÍSICA--INFORMACIÓN GENERAL |
| campo de control de longitud fija |
ss zsnzzbimuez |
| 008 - DATOS DE LONGITUD FIJA--INFORMACIÓN GENERAL |
| campo de control de longitud fija |
250430s1990 sp n || c spa |
| 035 ## - NÚMERO DE CONTROL DEL SISTEMA |
| Número de control de sistema |
(SpMaBN)a3300835 |
| 035 ## - NÚMERO DE CONTROL DEL SISTEMA |
| Número de control de sistema |
(OCoLC)431050857 |
| 040 ## - FUENTE DE CATALOGACIÓN |
| Centro catalogador/agencia de origen |
SpMaBN |
| Lengua de catalogación |
spa |
| Centro/agencia transcriptor |
SpMaBN |
| Normas de descripción |
rdc |
| 100 1# - ENTRADA PRINCIPAL--NOMBRE DE PERSONA |
| 9 (RLIN) |
115059 |
| Nombre de persona |
Villapalos Salas, Gustavo, |
| Término indicativo de función/relación |
Autor |
| Fechas asociadas al nombre |
1949-2021 |
| 245 13 - MENCIÓN DEL TÍTULO |
| Título |
Imposición de las medallas de los derechos humanos 1991 |
| Medio |
[Grabación sonora] : |
| Resto del título |
cierra el acto una conferencia sobre derechos humanos / |
| Mención de responsabilidad, etc. |
por D. Gustavo Villapalos |
| 260 ## - PUBLICACIÓN, DISTRIBUCIÓN, ETC. |
| Lugar de publicación, distribución, etc. |
Madrid : |
| Nombre del editor, distribuidor, etc. |
Ateneo de Madrid, |
| Fecha de publicación, distribución, etc. |
1991 |
| 300 ## - DESCRIPCIÓN FÍSICA |
| Extensión |
1 casete (ca. 90 min) : |
| Otras características físicas |
son. ; |
| Dimensiones |
11 cm. |
| 490 1# - MENCIÓN DE SERIE |
| Materiales especificados |
Actos culturales en el Ateneo de Madrid. |
| 511 ## - NOTA DE PARTICIPANTES O INTÉRPRETES |
| Nota de participantes o intérpretes |
Se imponen las medallas a las siguientes personalidades: Dña. Edith Cresson, primera ministra francesa; D. Gustavo Villapalos, rector de la UCM; D. José Cardona Grégori, secretario ejecutivo de la Federación de Entidades Religiosas de España y D. José Prat, ex-senador, presidente del Ateneo de Madrid. |
| 518 ## - NOTA DE FECHA/HORA Y LUGAR DE UN ACONTECIMIENTO |
| Nota de fecha/hora y lugar de un acontecimiento |
Grabado el 13 de diciembre de 1991 en el Salón de Actos del Ateneo de Madrid |
| 540 ## - NOTA DE CONDICIONES DE USO Y REPRODUCCIÓN |
| Condiciones de uso y reproducción |
Documento inédito. |
| 594 ## - Nota al título y mención de responsabilidad |
| a |
Datos basados en el programa de las jornadas. |
| 610 20 - PUNTO DE ACCESO ADICIONAL DE MATERIA--NOMBRE DE ENTIDAD CORPORATIVA |
| Nombre de entidad corporativa o nombre de jurisdicción como elemento de entrada |
Ateneo de Madrid- |
| Subdivisión general |
Actos culturales- |
| Subdivisión cronológica |
1991- |
| Subdivisión de forma |
Grabaciones sonoras |
| 9 (RLIN) |
240452 |
| 650 #7 - PUNTO DE ACCESO ADICIONAL DE MATERIA--TÉRMINO DE MATERIA |
| Término de materia o nombre geográfico como elemento de entrada |
Derechos humanos |
| Fuente del encabezamiento o término |
embne |
| 9 (RLIN) |
11770 |
| 653 ## - TÉRMINO DE INDIZACIÓN--NO CONTROLADO |
| Término no controlado |
Archivo de la palabra |
| 655 #0 - TERMINO DE INDIZACIÓN--GENERO/FORMA |
| Datos o término principal de género/forma |
Conferencias |
| 9 (RLIN) |
234444 |
| 710 2# - ENTRADA AGREGADA--NOMBRE DE ENTIDAD CORPORATIVA |
| Nombre de entidad corporativa o nombre de jurisdicción como elemento de entrada |
Ateneo de Madrid |
| 9 (RLIN) |
1875 |
| Término indicativo de función/relación |
Sede |
| 710 ## - ENTRADA AGREGADA--NOMBRE DE ENTIDAD CORPORATIVA |
| Nombre de entidad corporativa o nombre de jurisdicción como elemento de entrada |
Liga Española Pro Derechos Humanos |
| 9 (RLIN) |
240300 |
| Término indicativo de función/relación |
Colaborador |
| 830 #0 - PUNTO DE ACCESO ADICIONAL DE SERIE-TÍTULO UNIFORME |
| Título uniforme |
Actos culturales en el Ateneo de Madrid |
| 9 (RLIN) |
240237 |
| 852 ## - LOCALIZACIÓN |
| Ubicación |
ES-MaACL |
| Ubicación en estantería |
Depósito Z |
| itemnumber |
205782 |
| 942 ## - ELEMENTOS DE ENTRADA SECUNDARIOS (KOHA) |
| Fuente del sistema de clasificación o colocación |
Clasificación decimal universal |
| Tipo de ítem Koha |
Casete |
| Suprimir en OPAC |
No |